| 000 | 00576nam a2200205 a 4500 | ||
|---|---|---|---|
| 001 | 000018819 | ||
| 005 | 20200929165849.0 | ||
| 008 | 100519s1996 ve r 001 p spa d | ||
| 020 | _a980325121X | ||
| 040 |
_aDO-SdBNP _bspa _cBNPHU |
||
| 082 |
_aV861.44 _bJ25s |
||
| 100 | 1 |
_aJaimes, Héctor _d1964- _940573 |
|
| 245 | 1 | 0 |
_aSalvoconducto / _cHéctor Jaimes. |
| 260 |
_aCaracas : _bFondo Editorial Tropykos, _c1996. |
||
| 300 |
_a74 [2] p. ; _c19 cm. |
||
| 490 | 1 |
_aParia _v11 |
|
| 650 | 4 |
_aPoesía venezolana _94230 |
|
| 650 | 4 |
_aLiteratura venezolana _93816 |
|
| 049 | _aBNGR | ||
| 999 |
_c18339 _d18339 |
||